The Lego Movie Videogame (2014) Playable Characters - Statistics

General Stats
  • This quiz has been taken 124 times
  • The average score is 30 of 104
Answer Stats
Answer % Correct
Unlockable Wyldstyle
77%
Bought Wyldstyle (Hood)
77%
Unlockable Wyldstyle (Old West)
77%
Unlockable Wyldstyle (Robot Disguise)
77%
Bought Wyldstyle (Space)
77%
Unlockable Batman
75%
Bought Bruce Wayne
75%
Unlockable Superman
70%
Unlockable Emmett
63%
Bought Lord Business (Minifigure)
61%
Bought President Business
61%
Unlockable Green Lantern
60%
Bought Good Cop (Scribble Face)
58%
Unlockable Bad Cop
56%
Bricksburg Kit Angry Kitty
54%
Bought Astro Kitty
54%
Bought Biznis Kitty
54%
Bought Emmett (Clown)
54%
Bought Emmett (LEGO Piece)
54%
Unlockable Emmett (Lizard)
54%
Unlockable Emmett (Master Builder)
54%
Unlockable Emmett (Old West)
54%
Bought Emmett (Pajamas)
54%
Unlockable Emmett (Piece of Resistance)
54%
Unlockable Emmett (Robot Disguise)
54%
Bought Emmett (Shower)
54%
Bought Emmett (Surgeon)
54%
Bought Emmett (Trashcan)
54%
Unlockable Emmett (Wheel Head)
54%
Bought Emmett (Woodsman)
54%
Unlockable Queasy Kitty
54%
Unlockable Uni-Kitty
54%
Unlockable Benny
51%
Unlockable Vitruvius
49%
Bought Vitruvius (Ghost)
49%
Code Unlock Vitruvius (Young)
49%
Unlockable Wonder Woman
42%
Unlockable Gandalf
35%
Bought Wiley Fusebot
35%
Bought Velma Staplebot
33%
Bought Calamity Drone
32%
Bought Fembot
30%
Bought Green Ninja
30%
Bought Sheriff Not-A-Robot
30%
Bought Deputron
28%
Bought Robo (Construction)
28%
Bought Robo (Cowboy)
28%
Bought Robo (Demolition)
28%
Bought Robo (Fed)
28%
Bricksburg Kit Robo (Pilot)
28%
Bought Robo (Skeleton)
28%
Bought Robo SWAT
28%
Bought Robo SWAT (Armour)
28%
Bought Robo SWAT (Laser)
28%
Bought Robo SWAT (Rocket)
28%
Unlockable Gail
26%
Bought Shakespeare
26%
Unlockable Abraham Lincoln
23%
Bought Cleopatra
19%
Bought Michelangelo
16%
Bought Ice Cream Jo
14%
Bought Ma Cop
14%
Bought Pa Cop
14%
Bought Lord Vampyre
11%
Bought Panda Guy
11%
Bought Where Are My Pants? Guy
11%
Bought Kabob Bob
9%
Bought Larry the Barista
9%
Bought Frank the Foreman
7%
Bought Magician
7%
Bought Mrs. Scratchen-Post
7%
Bought Yeti
7%
Bought Cardio Carrie
5%
Bought Caveman
5%
Bought Hot Tub Harry
5%
Bought Ice Cream Mike
5%
Bricksburg Kit Johnny Thunder
5%
Bought Lady Liberty
5%
Bought Mummy
5%
Unlockable Swamp Creature
5%
Bought Witch
5%
Bought Gordon Zola
4%
Bought Plumber Joe
4%
Bought Sharon Shoehorn
4%
Wild West DLC Wild Will
4%
Unlockable Blaze Firefighter
2%
Bought Demolition Guy
2%
Bought El Macho Wrestler
2%
Bought Garbageman Grant
2%
Bought Hank Haystacks
2%
Wild West DLC Odd Ollie
2%
Bought Prospector
2%
Bought Taco Tuesday Guy
2%
Bought Test Dummy
2%
Bought Tomahawk
2%
Bricksburg Kit Blacktron Fan
0%
Bought Dr. McScrubs
0%
Bought Executive Ellen
0%
Bought Gallant Guard
0%
Unlockable Garbageman Dan
0%
Bought Native
0%
Wild West DLC Rootbeer Belle
0%
Bought Sir Stack-A-Brick
0%
Wild West DLC Sudds Backwash
0%
No matching quizzes found
Score Distribution
Percent of People with Each Score
Percentile by Number Answered
Your Score History
You have not taken this quiz